00870aam a2200289 i 4500001001000000003001000010005001700020007000300037008004100040040001400081041000800095082002100103100004900124245004800173264005200221264001100273300001800284336002700302337003300329338002800362563001400390650002300404942000700427945001200434952011700446999001700563768714001CO-MdFUSB20250509111843.0ta250509t1946 ag |||| |||| 00| 0 spa d cCO-MdFUSB0 aspa04223a242 bP4361h1 aPereira Alves, A. (Alejandro) (1889-)eautor10aHojas dispersas c/ Alejandro Pereira Alves 1bLa Aurora, aBuenos Aires, Argentina : c[1946] 4c©1946 a156 páginas atextobtxt2rdacontent 2rdamediaasin mediaciónbn 2rdacarrieravolumenbnc aRústico 0aVida cristiana919 cBK aJTF-925 001040708GENaFUSBCbFUSBCd2004-12-09l0oG 242 P4361h p3987r2019-12-12 00:00:00tEj. 1w2016-01-26yBKB0 c35591d35591